00658nam a22001937a 4500003000400000005001700004008004100021020001700062050002300079082002900102245004900131260004200180300003400222440003900256520010100295650002000396650001700416650003100433OSt20151028104447.0130920t xxu||||| |||| 00| 0 eng d a9833664016  aPZ 8 b.Al316 2007 aGS 398.20421 bC43a 2007 aAladdin and the magic lamp and other tales / aMalaysia : bKohwai & Young,c2007.  a66 p. : bcol. ill. ;c28 cm. aChildren's favourite fairy tales  aAladdin and the Magic Lamp Beauty and the Best The Three Billy Goats Gruff The Little Match Girl aAladdin (Tale). aFairy tales. aFolk literature, English.